| 000 | 00364nam a22001457a 4500 | ||
|---|---|---|---|
| 008 | 210224b ||||| |||| 00| 0 eng d9786086646004 | ||
| 020 | _a9786086646004 | ||
| 041 | _aalb | ||
| 080 | _a32 | ||
| 082 | _a32 | ||
| 100 | _a19 | ||
| 101 | _aSHP | ||
| 245 |
_aKultura Politike (studim rasti: Republika e Maqedonise se Veriut) _cCupi, Xh |
||
| 942 |
_2udc _cBK |
||
| 999 |
_c55144 _d55144 |
||